Avenues de la Place Charles-de-Gaulle sur une carte - Statistiques

Statistiques générales
  • Ce quiz a été pris 575 fois
  • Le résultat moyen est 6 sur 12
Réponses sur la Carte
Les réponses sont colorées sur une échelle allant du rouge au vert en fonction du pourcentage des utilisateurs qui les ont devinées à leur premier essai. Vous pouvez retrouver ces pourcentages ci-dessous.
 
Statistiques - réponses
Axe Avenue % Correct
Ve Avenue des Champs-Élysées
97%
IVe Avenue Foch
73%
Ve Avenue de la Grande-Armée
61%
IIe Avenue de Wagram
56%
IIe Avenue Kléber
54%
Ie Avenue d'Iéna
52%
IIIe Avenue Victor-Hugo
47%
IVe Avenue de Friedland
43%
IIIe Avenue Hoche
42%
Ie Avenue Mac-Mahon
37%
VIe Avenue Marceau
37%
VIe Avenue Carnot
25%
Aucun quiz correspondant
Distribution des résultats
% des personnes avec chaque résultat
Percentile par nombre de réponses
Votre historique - résultats
Vous n’avez pas pris ce quiz